000 00738nam a2200241 i 4500
003 DO-SdBNP
005 20231026140211.0
006 a||||gr|||| 00| 0
007 ta
008 231026b200? dr ||||| |||| 00| 0 spa d
040 _aDO-SdBNP
_bspa
_cBNPHU
_erda
082 4 _222
_bO15e
100 1 _aOcaña R, Antonio
_964741
_eautor
245 1 0 _aEl estado Patria. /
_cAntonio Ocaña R. ; prólogo de José Rodríguez
264 _aSanto Domingo :
_b[sin editora],
_c[200?]
300 _a42 páginas ;
_c20 cm.
336 _2rdacontent
_atexto
_btxt
337 _2rdamedia
_asin mediación
_bn
338 _2rdacarrier
_avolumen
_bnc
590 _aInventariado 2023 / MF
700 1 _aRodríguez, José,
_923002
_eprólogo
942 _2ddc
_cLF2
999 _c55302
_d55302